| 000 | 00654nam a2200229Ia 4500 | ||
|---|---|---|---|
| 003 | OSt | ||
| 005 | 20220926004532.0 | ||
| 006 | a|||||r|||| 00| 0 | ||
| 007 | ta | ||
| 008 | 220923b |||||||| |||| 00| 0 eng d | ||
| 037 | _cGeneral Book | ||
| 040 |
_aRTL _cRTL _beng |
||
| 041 |
_2eng _aeng |
||
| 082 | _aU.245.N8, M8 | ||
| 100 |
_aKaushal R K _9242090 |
||
| 245 | 0 |
_aHimachal Pradesh _b Socioeconomic geogrpahical and h |
|
| 260 |
_a New Delhi _bReliance India _c1988 |
||
| 300 |
_a149p. Bib p. 148-49 _ccm. |
||
| 650 | _aIndian Geography | ||
| 942 |
_hU.245.N8, M8 _cGB _2CC |
||
| 999 |
_c611528 _d611528 |
||